<?xml version="1.0" encoding="UTF-8"?><?xml-stylesheet type="text/xsl" href="static/style.xsl"?><OAI-PMH xmlns="http://www.openarchives.org/OAI/2.0/" xmlns:xsi="http://www.w3.org/2001/XMLSchema-instance" xsi:schemaLocation="http://www.openarchives.org/OAI/2.0/ http://www.openarchives.org/OAI/2.0/OAI-PMH.xsd"><responseDate>2026-06-06T02:14:04Z</responseDate><request verb="GetRecord" identifier="oai:riuma.uma.es:10630/28958" metadataPrefix="marc">https://riuma.uma.es/rest/oai/request</request><GetRecord><record><header><identifier>oai:riuma.uma.es:10630/28958</identifier><datestamp>2026-02-03T11:18:00Z</datestamp><setSpec>com_10630_2254</setSpec><setSpec>col_10630_37953</setSpec></header><metadata><record xmlns="http://www.loc.gov/MARC21/slim" xmlns:dcterms="http://purl.org/dc/terms/" xmlns:doc="http://www.lyncode.com/xoai" xmlns:xsi="http://www.w3.org/2001/XMLSchema-instance" xsi:schemaLocation="http://www.loc.gov/MARC21/slim http://www.loc.gov/standards/marcxml/schema/MARC21slim.xsd">
   <leader>00925njm 22002777a 4500</leader>
   <datafield ind2=" " ind1=" " tag="042">
      <subfield code="a">dc</subfield>
   </datafield>
   <datafield ind2=" " ind1=" " tag="720">
      <subfield code="a">Rey-Merchán, María del Carmen</subfield>
      <subfield code="e">author</subfield>
   </datafield>
   <datafield ind2=" " ind1=" " tag="720">
      <subfield code="a">Gómez-de-Gabriel, Jesús Manuel</subfield>
      <subfield code="e">author</subfield>
   </datafield>
   <datafield ind2=" " ind1=" " tag="720">
      <subfield code="a">Fernández-Madrigal, Juan Antonio</subfield>
      <subfield code="e">author</subfield>
   </datafield>
   <datafield ind2=" " ind1=" " tag="720">
      <subfield code="a">López-Arquillos, Antonio</subfield>
      <subfield code="e">author</subfield>
   </datafield>
   <datafield ind2=" " ind1=" " tag="260">
      <subfield code="c">2020-09-18</subfield>
   </datafield>
   <datafield ind2=" " ind1=" " tag="520">
      <subfield code="a">Fall from height is a cause of concern in the construction sector. Appropriate use of a harness can be the difference between an incident or a critical accident. Monitoring the proper use of a harness in the workplace using Bluetooth Low Energy (BLE) devices is a recent and effective approach. The aim of this article is to identify typical limitations in a BLE monitoring system in order to propose solutions according to the existing literature. Alternative solutions found in the literature showed that the integration of BLE with other technologies such as building information modeling, radio-frequency identification or the global positioning system can improve the effectiveness of current monitoring approaches based only on BLE and reduce rates of fall from height accidents. For correct integration, both technological factors (cost, compatibility, data transmission) and cultural factors (social acceptance, procedures, etc.) must be taken into account.</subfield>
   </datafield>
   <datafield ind1="8" ind2=" " tag="024">
      <subfield code="a">Rey-Merchán, M. D. C., Gómez-de-Gabriel, J. M., Fernández-Madrigal, J. A., &amp; López-Arquillos, A. (2022). Improving the prevention of fall from height on construction sites through the combination of technologies. International journal of occupational safety and ergonomics, 28(1), 590-599.</subfield>
   </datafield>
   <datafield ind1="8" ind2=" " tag="024">
      <subfield code="a">https://hdl.handle.net/10630/28958</subfield>
   </datafield>
   <datafield ind1="8" ind2=" " tag="024">
      <subfield code="a">https://doi.org/10.1080/10803548.2020.1815393</subfield>
   </datafield>
   <datafield tag="653" ind2=" " ind1=" ">
      <subfield code="a">Trabajo - Medidas de seguridad</subfield>
   </datafield>
   <datafield ind2="0" ind1="0" tag="245">
      <subfield code="a">Improving the prevention of fall from height on construction sites through the combination of technologies</subfield>
   </datafield>
</record>
</metadata></record></GetRecord></OAI-PMH>